[Event "San Vicente op 8th"]
[Site "San Vicente"]
[Date "2024.04.01"]
[Round "9"]
[White "Ilinca Ilinca, Felix Antonio"]
[Black "Macias Pino, Diego"]
[Result "1/2-1/2"]
[WhiteElo "2373"]
[BlackElo "2477"]
[PlyCount "159"]
[EventDate "2024.03.27"]
[EventType "swiss"]
[EventRounds "9"]
[EventCountry "ESP"]
[SourceTitle "CB14_2024"]
[SourceDate "2024.04.01"]
[SourceVersion "1"]
[SourceVersionDate "2024.04.01"]
[SourceQuality "1"]

1. e4 c5 2. Nf3 d6 3. d4 cxd4 4. Nxd4 Nf6 5. Nc3 a6 6. Rg1 e5 7. Nb3 h5 8. Be3 Be6 9. h3 Nbd7 10. Qd2 Rc8 11. 0-0-0 b5 12. f4 h4 13. Bd3 Qc7 14. Kb1 Nb6 15. Qf2 Nc4 16. Bxc4 Bxc4 17. Bb6 Qb8 18. Na5 b4 19. fxe5 dxe5 20. Nd5 Bxd5 21. exd5 Nd7 22. Be3 Bd6 23. g3 hxg3 24. Rxg3 Rh7 25. Qf5 Nf8 26. Rg4 g6 27. Qf6 Nd7 28. Qf3 Qb5 29. Nc6 Rc7 30. Qf2 Rxh3 31. Rh4 Rxh4 32. Qxh4 Rc8 33. Bg5 Bf8 34. Be7 Bg7 35. Bxb4 Nf6 36. c4 Qb7 37. Re1 Rxc6 38. Rxe5+ Re6 39. dxe6 Qxb4 40. Qd4 fxe6 41. Rxe6+ Kf7 42. Re2 Qb7 43. a3 g5 44. Qe5 g4 45. Qe6+ Kg6 46. c5 Qh1+ 47. Re1 Qh2 48. c6 Qc7 49. Rc1 Bh6 50. Rf1 Bf4 51. Qc4 Be5 52. Qd3+ Kg7 53. Qf5 g3 54. Re1 Bd4 55. Qf3 Be5 56. Qe2 Bf4 57. Qxa6 Qd6 58. Qc4 Be5 59. c7 Qxc7 60. Qxc7+ Bxc7 61. Re7+ Kg6 62. Rxc7 Kf5 63. a4 g2 64. Rc1 Ke4 65. b4 Nd5 66. Rg1 Kf3 67. a5 Nxb4 68. Kb2 Kf2 69. Rxg2+ Kxg2 70. Kb3 Nc6 71. a6 Kf3 72. Kc4 Ke2 73. Kc5 Na7 74. Kb6 Nc8+ 75. Kc7 Na7 76. Kb7 Nb5 77. Kb6 Nd6 78. a7 Nc8+ 79. Kb7 Nxa7 80. Kxa7 1/2-1/2

[Event "Wch U16"]
[Site "Montesilvano"]
[Date "2023.11.18"]
[Round "6"]
[White "Klimkowski, Jan"]
[Black "Macias Pino, Diego"]
[Result "1-0"]
[WhiteElo "2520"]
[BlackElo "2457"]
[PlyCount "87"]
[EventDate "2023.11.13"]
[EventType "swiss"]
[EventRounds "11"]
[EventCountry "ITA"]
[SourceTitle "CB48_2023"]
[SourceDate "2023.11.29"]
[SourceVersion "1"]
[SourceVersionDate "2023.11.29"]
[SourceQuality "1"]

1. c4 e5 2. Nc3 Nf6 3. Nf3 Nc6 4. e3 Bb4 5. Qc2 Bxc3 6. Qxc3 Qe7 7. d4 exd4 8. Nxd4 Nxd4 9. Qxd4 b6 10. Bd3 Bb7 11. 0-0 d6 12. b3 Qe5 13. Bb2 Qxd4 14. exd4 0-0 15. d5 Rfe8 16. f3 Nd7 17. Rfe1 g6 18. Kf2 Ne5 19. Bc2 a5 20. h4 a4 21. h5 axb3 22. axb3 Rxa1 23. Bxa1 f5 24. g4 Bc8 25. hxg6 hxg6 26. Rh1 Rf8 27. g5 Nf7 28. Bf6 Bd7 29. Ra1 Rc8 30. b4 Ne5 31. c5 bxc5 32. bxc5 Rb8 33. Ke3 Rb2 34. Bd1 Rb5 35. Ra8+ Kf7 36. c6 Nxc6 37. dxc6 Bxc6 38. Rc8 Rb7 39. Bd8 Ke6 40. Rxc7 Rxc7 41. Bxc7 Kd7 42. Bb8 Bd5 43. Kd4 Ke6 44. f4 1-0

[Event "ESP-chT CECLUB Honor"]
[Site "Linares"]
[Date "2023.09.20"]
[Round "5.3"]
[White "Macias Pino, Diego"]
[Black "Arabidze, Meri"]
[Result "0-1"]
[WhiteElo "2438"]
[BlackElo "2440"]
[PlyCount "138"]
[EventDate "2023.09.16"]
[EventType "team-tourn"]
[EventRounds "7"]
[EventCountry "ESP"]
[SourceTitle "EXT 2024"]
[Source "ChessBase"]
[SourceDate "2023.10.10"]
[SourceVersion "1"]
[SourceVersionDate "2023.10.10"]
[SourceQuality "1"]
[WhiteTeam "Andreu Paterna"]
[BlackTeam "Solvay"]
[WhiteTeamCountry "ESP"]
[BlackTeamCountry "ESP"]

1. e4 e5 2. Nf3 Nc6 3. Bc4 Nf6 4. Ng5 d5 5. exd5 Na5 6. Bb5+ c6 7. dxc6 bxc6 8. Bd3 Nd5 9. Nf3 Bd6 10. 0-0 0-0 11. Re1 f5 12. Nxe5 Qf6 13. Nf3 g5 14. c4 Nf4 15. Bf1 g4 16. d4 gxf3 17. Qxf3 Ne6 18. Qc3 Nb7 19. c5 Bc7 20. b4 a5 21. b5 cxb5 22. Bxb5 a4 23. Bc4 Kh8 24. Bxe6 Ba5 25. Qg3 f4 26. Bxf4 Qxf4 27. Qxf4 Rxf4 28. Re5 Rxd4 29. Na3 Bxe6 30. Rxe6 Nxc5 31. Re5 Rad8 32. Rf1 R4d5 33. Rxd5 Rxd5 34. Nc4 Bc3 35. Rc1 a3 36. Kf1 Bb2 37. Re1 Rd4 38. Re8+ Kg7 39. Ne3 Kf7 40. Rh8 Rh4 41. Rc8 Na4 42. h3 Nc3 43. Rc7+ Ke6 44. Nc2 Ra4 45. Rxh7 Nxa2 46. Rb7 Nc3 47. Rb6+ Kd5 48. g3 Bc1 49. Nxa3 Bxa3 50. Kg2 Bd6 51. Rb2 Ne4 52. h4 Ke6 53. h5 Nf6 54. Rb5 Rc4 55. Kh3 Bc5 56. f4 Nxh5 57. Kg4 Nf6+ 58. Kg5 Ne4+ 59. Kg6 Nxg3 60. Ra5 Nf5 61. Ra6+ Bd6 62. Kg5 Ne3 63. Rb6 Ra4 64. Rc6 Kd5 65. Rb6 Bxf4+ 66. Kf6 Be5+ 67. Kf7 Ra7+ 68. Kg6 Rg7+ 69. Kh6 Rg1 0-1

[Event "ESP-ch U16 rapid"]
[Site "Salobrena"]
[Date "2023.07.30"]
[Round "8"]
[White "Valle Luis, Leo"]
[Black "Macias Pino, Diego"]
[Result "1/2-1/2"]
[WhiteElo "2147"]
[BlackElo "2318"]
[PlyCount "82"]
[EventDate "2023.07.29"]
[EventType "swiss (rapid)"]
[EventRounds "9"]
[EventCountry "ESP"]
[SourceTitle "EXT 2024"]
[Source "ChessBase"]
[SourceDate "2023.10.10"]
[SourceVersion "1"]
[SourceVersionDate "2023.10.10"]
[SourceQuality "1"]

1. e4 c6 2. d4 d5 3. e5 Bf5 4. g4 Bg6 5. h4 h5 6. e6 hxg4 7. exf7+ Bxf7 8. Qxg4 Nf6 9. Qe2 Nbd7 10. Nc3 Qb6 11. Nf3 Bh5 12. Bh3 0-0-0 13. Bd2 Qxb2 14. Rb1 Qxc2 15. Rc1 Bxf3 16. Qxf3 Qb2 17. Rb1 Qa3 18. Rb3 Qa6 19. Bf1 Qa5 20. Bd3 e5 21. dxe5 Re8 22. 0-0 Rxe5 23. Rfb1 Bc5 24. Bf4 b6 25. Bxe5 Nxe5 26. Qf5+ Nfd7 27. Qh3 Rf8 28. Bf5 Kc7 29. Rd1 Nf6 30. Qg3 Bd6 31. Qxg7+ Rf7 32. Qg2 Nh5 33. Nxd5+ cxd5 34. Rc1+ Kb7 35. Bc8+ Kb8 36. Ba6 Bc5 37. Qg8+ Kc7 38. Qc8+ Kd6 39. Qd8+ Nd7 40. Bc8 Qxa2 41. Rf3 d4 1/2-1/2

[Event "Valencia Cuna op 4th"]
[Site "Valencia"]
[Date "2023.07.16"]
[Round "9"]
[White "Macias Pino, Diego"]
[Black "Ceres, Dragos"]
[Result "1/2-1/2"]
[WhiteElo "2433"]
[BlackElo "2407"]
[PlyCount "73"]
[EventDate "2023.07.08"]
[EventType "swiss"]
[EventRounds "9"]
[EventCountry "ESP"]
[SourceTitle "CBM 215 Extra"]
[Source "ChessBase"]
[SourceDate "2023.09.30"]
[SourceVersion "1"]
[SourceVersionDate "2023.09.30"]
[SourceQuality "1"]

1. e4 e5 2. Nf3 Nc6 3. Bc4 Bc5 4. c3 Nf6 5. d4 exd4 6. e5 d5 7. Bb5 Ne4 8. cxd4 Bb6 9. Nc3 0-0 10. Be3 f6 11. Qb3 Nxc3 12. Bxc6 bxc6 13. Qxc3 Qe8 14. exf6 Rxf6 15. Ne5 a5 16. 0-0 a4 17. b4 Ba6 18. Rfe1 Bb5 19. Bg5 Rf5 20. Bh4 Rf4 21. Nf3 Re4 22. Bg3 Be2 23. Ng5 Bxd4 24. Nxe4 Bxc3 25. Nxc3 Qf8 26. Nxe2 Qxb4 27. Nf4 d4 28. a3 Qb3 29. Re7 Qc3 30. Rf1 Qxa3 31. Rd7 Qb3 32. Nh5 Qb5 33. Rxg7+ Kh8 34. Bh4 Rf8 35. Rg5 Qe2 36. Bg3 Re8 37. Nf6 1/2-1/2

[Event "Valencia Cuna op 4th"]
[Site "Valencia"]
[Date "2023.07.13"]
[Round "6"]
[White "Macias Pino, Diego"]
[Black "Jobava, Baadur"]
[Result "0-1"]
[WhiteElo "2433"]
[BlackElo "2566"]
[PlyCount "124"]
[EventDate "2023.07.08"]
[EventType "swiss"]
[EventRounds "9"]
[EventCountry "ESP"]
[SourceTitle "CBM 215 Extra"]
[Source "ChessBase"]
[SourceDate "2023.09.30"]
[SourceVersion "1"]
[SourceVersionDate "2023.09.30"]
[SourceQuality "1"]

1. e4 c6 2. d4 d5 3. e5 Bf5 4. h4 Qc8 5. c4 e6 6. Nc3 h6 7. cxd5 cxd5 8. Bd3 Bxd3 9. Qxd3 Qc4 10. Qxc4 dxc4 11. Nf3 Nc6 12. Be3 Nge7 13. Ke2 Nd5 14. Rhc1 Rd8 15. Ne4 f5 16. exf6 gxf6 17. Rxc4 Rg8 18. g3 Rg4 19. Ned2 f5 20. Rg1 Nxe3 21. fxe3 Bd6 22. Kf2 Kd7 23. Nb3 b6 24. Nc1 e5 25. Ne2 e4 26. Nh2 Rg7 27. a3 Ne7 28. Nf4 Bxf4 29. gxf4 Rxg1 30. Kxg1 Rg8+ 31. Kf2 Nd5 32. Rc1 a5 33. Nf1 Rg4 34. Nh2 Rg8 35. Nf1 Rg4 36. Nh2 Rxh4 37. Kg3 Rh5 38. Re1 a4 39. Nf1 Rh1 40. Kg2 Rh4 41. b3 axb3 42. Rb1 Rg4+ 43. Kh2 Rh4+ 44. Kg2 Rg4+ 45. Kh2 Rg8 46. Rxb3 Rc8 47. Ng3 Ke6 48. Kh3 Rc3 49. Rxc3 Nxc3 50. Kh4 Nd5 51. Nf1 Kf6 52. Kh5 Kg7 53. a4 Kh7 54. Kh4 Kg6 55. Kh3 Kf6 56. Kh4 Kg6 57. Kh3 Nc3 58. Nd2 Nxa4 59. d5 Kf6 60. Nb3 Nc3 61. d6 Nb5 62. d7 Ke7 0-1

[Event "Alicante IM Teams 3rd"]
[Site "Alicante"]
[Date "2023.07.04"]
[Round "3"]
[White "Macias Pino, Diego"]
[Black "Yurkovskiy, Ivan"]
[Result "1-0"]
[WhiteElo "2433"]
[BlackElo "2212"]
[PlyCount "60"]
[EventDate "2023.07.03"]
[EventType "schev"]
[EventRounds "9"]
[EventCountry "ESP"]
[SourceTitle "CBM 215 Extra"]
[Source "ChessBase"]
[SourceDate "2023.09.30"]
[SourceVersion "1"]
[SourceVersionDate "2023.09.30"]
[SourceQuality "1"]
[WhiteTeam "Team C"]
[BlackTeam "Team D"]
[WhiteTeamCountry "ESP"]
[BlackTeamCountry "ESP"]

1. e4 d6 2. Nc3 g6 3. d4 Bg7 4. Be3 Nd7 5. Qd2 e5 6. f3 Ne7 7. g4 h6 8. d5 f5 9. h3 f4 10. Bf2 a6 11. Na4 b5 12. Nc3 Nb6 13. a4 Bd7 14. axb5 axb5 15. Rxa8 Qxa8 16. Bxb6 cxb6 17. Bxb5 Qa1+ 18. Kf2 Bxb5 19. Nxb5 Qxb2 20. Qd3 Kd7 21. Ne2 Ra8 22. Qc4 Rc8 23. Qa4 Qxc2 24. Qa7+ Rc7 25. Qxc7+ Qxc7 26. Nxc7 Kxc7 27. Nc3 Nc8 28. Nb5+ Kb7 29. Rc1 Bf6 30. Rc7+ Ka6 1-0